LEADER 01450nam0 22003493i 450 001 NAP0243286 005 20231121125559.0 010 $a2870311966 100 $a20020329d2000 ||||0itac50 ba 101 | $afre 102 $abe 181 1$6z01$ai $bxxxe 182 1$6z01$an 200 1 $aHistoria proxima poetis$el'influence de la poésie épique sur le style des historiens latins de Salluste à Ammien Marcellin$fAntoine Foucher 210 $aBruxelles$cLatomus$d2000 215 $a487 p.$d24 cm 225 | $aCollection Latomus$v255 410 0$1001CFI0068341$12001 $aCollection Latomus$v255 606 $aStoriografia latina$xInfluenza della poesia epica$2FIR$3RMLC404730$9I 606 $aStoriografia latina$xInflussi dell'epopea$2FIR$3RMLC181567$9I 606 $aStoriografia latina$xStile letterario$2FIR$3RMLC181569$9I 676 $a937.0072$9$v21 700 1$aFoucher$b, Antoine$c $3NAPV083811$4070$01441814 801 3$aIT$bIT-01$c20020329 850 $aIT-RM028 $aIT-FR0017 899 $aBiblioteca Universitaria Alessandrina$bRM028 899 $aBiblioteca umanistica Giorgio Aprea$bFR0017 $eN 912 $aNAP0243286 950 0$aBiblioteca umanistica Giorgio Aprea$d 52S.SIJP. C.L. 255$e 52FLS0000251235 VMN RS vol. 255(2000)$fA $h20171019$i20171019 977 $a 01$a 52 996 $aHistoria proxima poetis$93611985 997 $aUNICAS